[Event "GER GM08-A email"]
[Site "GER email"]
[Date "2019.06.19"]
[Round "?"]
[White "Wunderlich, Hans Dieter"]
[Black "Brodda, Wolfgang"]
[Result "1/2-1/2"]
[WhiteElo "2580"]
[BlackElo "2584"]
[PlyCount "50"]
[EventDate "2019.??.??"]
[EventType "tourn (corr)"]
[EventRounds "13"]
[EventCountry "GER"]
[SourceTitle "Corr 2022"]
[Source "ChessBase"]
[SourceDate "2021.10.24"]
[SourceVersion "1"]
[SourceVersionDate "2021.10.24"]
[SourceQuality "1"]

1. d4 d5 2. Bf4 Nf6 3. Nd2 c5 4. e3 Nc6 5. Ngf3 e6 6. c3 Bd6 7. Bg3 0-0 8. Bd3 b6 9. Qe2 Bb7 10. Rd1 Ne7 11. Bxd6 Qxd6 12. 0-0 Qc7 13. Ne5 Ne4 14. Qg4 f5 15. Qe2 Nxd2 16. Rxd2 Ng6 17. f4 Nxe5 18. fxe5 Qe7 19. Qh5 Bc6 20. g4 g6 21. Qh3 fxg4 22. Qxg4 Rxf1+ 23. Bxf1 Rf8 24. h4 Kg7 25. Rf2 Rxf2 1/2-1/2

[Event "GER GM08-A email"]
[Site "GER email"]
[Date "2019.06.19"]
[Round "?"]
[White "Wunderlich, Hans Dieter"]
[Black "Ostriker, Jon"]
[Result "1/2-1/2"]
[WhiteElo "2580"]
[BlackElo "2565"]
[PlyCount "69"]
[EventDate "2019.??.??"]
[EventType "tourn (corr)"]
[EventRounds "13"]
[EventCountry "GER"]
[SourceTitle "Corr 2022"]
[Source "ChessBase"]
[SourceDate "2021.10.24"]
[SourceVersion "1"]
[SourceVersionDate "2021.10.24"]
[SourceQuality "1"]

1. e4 e5 2. Nf3 Nc6 3. Bc4 Bc5 4. c3 Nf6 5. d3 a6 6. 0-0 d6 7. a4 Ba7 8. Na3 Ne7 9. Nc2 Ng6 10. Be3 0-0 11. Bxa7 Rxa7 12. Ne3 c6 13. a5 Ra8 14. Bb3 Re8 15. Ng5 Nh8 16. Re1 Qc7 17. Qc2 Bd7 18. Nc4 h6 19. Nf3 Ng6 20. d4 Rad8 21. dxe5 Nxe5 22. Nfxe5 dxe5 23. Nb6 Bc8 24. Red1 Nd7 25. Nc4 Nf6 26. f3 Qe7 27. Nb6 Nd7 28. Nxc8 Rxc8 29. Qf2 Red8 30. Kf1 g6 31. Bc4 Nf6 32. Qa7 Kf8 33. g3 Ne8 34. Qe3 Kg7 35. Ke2 1/2-1/2

[Event "GER GM07-A email"]
[Site "GER email"]
[Date "2018.06.19"]
[Round "?"]
[White "Tauber, Hans"]
[Black "Wunderlich, Hans Dieter"]
[Result "1/2-1/2"]
[WhiteElo "2527"]
[BlackElo "2589"]
[PlyCount "68"]
[EventDate "2018.??.??"]
[EventType "tourn (corr)"]
[EventRounds "13"]
[EventCountry "GER"]
[SourceTitle "Corr 2022"]
[Source "ChessBase"]
[SourceDate "2021.10.24"]
[SourceVersion "1"]
[SourceVersionDate "2021.10.24"]
[SourceQuality "1"]

1. d4 f5 2. Nc3 Nf6 3. Bg5 d5 4. Bxf6 exf6 5. e3 g6 6. Bd3 Nc6 7. a3 Be6 8. Nge2 Bf7 9. Nf4 Qd6 10. Qd2 h5 11. h4 Ne7 12. a4 Qd7 13. a5 Nc8 14. Na4 Nd6 15. Nc5 Qe7 16. a6 b6 17. Nb7 Qd7 18. Nxd6+ Bxd6 19. g3 Kf8 20. b4 Re8 21. Kf1 g5 22. Ne2 Ke7 23. Ke1 Rhg8 24. c3 c6 25. Kd1 Kf8 26. Rb1 Qe6 27. Kc2 Bg6 28. Rhe1 Kg7 29. Kc1 Re7 30. Rg1 Qc8 31. Qc2 Kh6 32. Kd2 Qe6 33. Rbe1 Rf8 34. Rb1 Rg8 1/2-1/2

[Event "GER GM07-A email"]
[Site "GER email"]
[Date "2018.06.19"]
[Round "?"]
[White "Wunderlich, Hans Dieter"]
[Black "Brodda, Wolfgang"]
[Result "1/2-1/2"]
[WhiteElo "2589"]
[BlackElo "2587"]
[PlyCount "93"]
[EventDate "2018.??.??"]
[EventType "tourn (corr)"]
[EventRounds "13"]
[EventCountry "GER"]
[SourceTitle "Corr 2020"]
[Source "ChessBase"]
[SourceDate "2019.09.30"]
[SourceVersion "1"]
[SourceVersionDate "2019.09.30"]
[SourceQuality "1"]

1. e4 c5 2. Nf3 e6 3. d4 cxd4 4. Nxd4 Nc6 5. Nc3 Qc7 6. Be3 a6 7. a3 b5 8. Nxc6 Qxc6 9. Be2 Bb7 10. Qd2 b4 11. axb4 Bxb4 12. f3 Nf6 13. Qd4 a5 14. Kf2 0-0 15. e5 Bxc3 16. bxc3 Nd5 17. Bd2 f6 18. c4 Nb4 19. Rhc1 fxe5 20. Qxe5 Rf5 21. Qg3 e5 22. Kg1 Qc7 23. Be3 Rf6 24. c3 Nc6 25. Rd1 Ne7 26. Qg4 Nf5 27. Bf2 e4 28. fxe4 Nd6 29. Bf3 Rg6 30. Qh3 Qxc4 31. Bh5 Rh6 32. Bd4 Qe6 33. Qxe6+ dxe6 34. Be2 Rg6 35. g3 Nxe4 36. Rdb1 Bd5 37. c4 Bc6 38. Rb6 e5 39. Bxe5 Re6 40. Bf4 Nc5 41. Bg4 Rg6 42. Be2 a4 43. Rd1 a3 44. Ra1 Re6 45. Bg4 Rg6 46. Be2 Re6 47. Bg4 1/2-1/2